000 005470000a22001810004500
003 MACL
005 20160224155352.0
008 160224b xxu||||| |||| 00| 0 eng d
040 _aMACL
_cMACL
041 _aHindi
082 _a800
100 _aश्री हंसकुमार तिवारी
_940104
245 _aबंगला और उसका साहित्‍य
260 _bराजकमल प्रकाशन
_aदिल्‍ली
350 _a2
650 _aLiteracture
_939932
942 _cHIN
_k800
_2ddc
999 _c23697
_d23697